Islamization of laws and economy : (Record no. 343597)

000 -LEADER
fixed length control field 00655 a2200169 4500
020 ## - INTERNATIONAL STANDARD BOOK NUMBER
International Standard Book Number 9694480434
020 ## - INTERNATIONAL STANDARD BOOK NUMBER
International Standard Book Number 9789694480435
090 ## - LOCALLY ASSIGNED LC-TYPE CALL NUMBER (OCLC); LOCAL CALL NUMBER (RLIN)
-- 1063
-- 1063
100 1# - MAIN ENTRY--PERSONAL NAME
Personal name Kennedy, Charles H.
245 10 - TITLE STATEMENT
Title Islamization of laws and economy :
Remainder of title case studies on pakistan /
Statement of responsibility, etc. Charles H Kennedy.
260 ## - PUBLICATION, DISTRIBUTION, ETC.
Place of publication, distribution, etc. [S.l.] :
Name of publisher, distributor, etc. Institute of Policy Studies : Distributor, Book Promoters,
Date of publication, distribution, etc. 1996.
300 ## - PHYSICAL DESCRIPTION
Extent 191 p.
500 ## - GENERAL NOTE
General note Unknown Binding.
856 40 - ELECTRONIC LOCATION AND ACCESS
Materials specified Amazon.com
Uniform Resource Identifier <a href="http://www.amazon.com/exec/obidos/ASIN/9694480434/chopaconline-20">http://www.amazon.com/exec/obidos/ASIN/9694480434/chopaconline-20</a>
856 40 - ELECTRONIC LOCATION AND ACCESS
Materials specified Amazon customer reviews
Uniform Resource Identifier <a href="http://www.chopac.org/cgi-bin/tools/azrev.pl?q=9694480434">http://www.chopac.org/cgi-bin/tools/azrev.pl?q=9694480434</a>
942 ## - ADDED ENTRY ELEMENTS (KOHA)
Institution code [OBSOLETE] NBS
Koha item type Book
Call number prefix 349.5491 KEN
Holdings
Withdrawn status Lost status Damaged status Not for loan Permanent Location Current Location Date acquired Total Checkouts Full call number Barcode Date last seen Date last checked out Price effective from Koha item type
        NUST Law School (NLS) NUST Law School (NLS) 08/28/2013 1 349.5491 KEN NBS4727 11/23/2017 08/18/2017 08/28/2013 Book
        NUST Law School (NLS) NUST Law School (NLS) 08/28/2013 2 349.5491 KEN NBS7088 02/17/2022 08/18/2017 08/28/2013 Book
© 2023 Central Library, National University of Sciences and Technology. All Rights Reserved.